Les adversaires préférés de Kylian Mbappé en club - Statistiques

Statistiques générales
  • Ce quiz a été pris 56 fois
  • Le résultat moyen est 7 sur 9
Statistiques - réponses
Nombre de buts Championnat Clubs % Correct
12 buts Ligue 1 Olympique de Marseille
100%
13 buts Ligue 1 Olympique Lyonnais
94%
11 buts Ligue 1 LOSC Lille
90%
11 buts Ligue 1 AS Monaco
86%
11 buts Ligue 1 FC Nantes
76%
12 buts Ligue 1 FC Metz
62%
15 buts Ligue 1 Montpellier HSC
62%
12 buts LaLiga FC Barcelone
58%
12 buts Ligue 1 Dijon FCO
32%
Aucun quiz correspondant
Distribution des résultats
% des personnes avec chaque résultat
Percentile par nombre de réponses
Votre historique - résultats
Vous n’avez pas pris ce quiz